|
|
|
|
| LEADER |
00000cam a2200000 ca4500 |
| 001 |
1092201297 |
| 003 |
DE-627 |
| 005 |
20250911131939.0 |
| 007 |
tu |
| 008 |
901108m17421744it ||||| 00| ||heb c |
| 035 |
|
|
|a (DE-627)1092201297
|
| 035 |
|
|
|a (DE-576)022201297
|
| 035 |
|
|
|a (DE-599)BSZ022201297
|
| 040 |
|
|
|a DE-627
|b ger
|c DE-627
|e rda
|
| 041 |
|
|
|a heb
|
| 044 |
|
|
|c XA-IT
|
| 084 |
|
|
|a 1
|2 ssgn
|
| 130 |
0 |
|
|a Bibel
|p Altes Testament
|0 (DE-588)4001515-4
|0 (DE-627)104603666
|0 (DE-576)208843116
|
| 245 |
1 |
0 |
|6 880-01
|a Sefer arbaʿah ṿe-ʿeśrim
|b = Minḥat shay
|c Yedidiyah Shelomoh mi-Nortsi ; hotsiaʾ le-or […] Rafaʾel Ḥayim Bazilah
|
| 246 |
3 |
1 |
|6 880-01
|a Minḥat shay
|
| 246 |
3 |
0 |
|a šay Sēfer Arbāʿā wa-ʿeśrîm
|
| 264 |
|
1 |
|6 880-01
|a Manṭovah
|b Rafaʾel Ḥayim me-Iṭalya
|c 1742-1744
|
| 336 |
|
|
|a Text
|b txt
|2 rdacontent
|
| 337 |
|
|
|a ohne Hilfsmittel zu benutzen
|b n
|2 rdamedia
|
| 338 |
|
|
|a Band
|b nc
|2 rdacarrier
|
| 500 |
|
|
|a Vorlageform des Zensurvermerks: In Mantova Con Licenza de Superiori
|
| 546 |
|
|
|a Text in hebräischer Quadrat- und Raschi-Schrift, hebräisch
|
| 655 |
|
7 |
|a Kommentar
|0 (DE-588)4136710-8
|0 (DE-627)104500719
|0 (DE-576)209671467
|2 gnd-content
|
| 689 |
0 |
0 |
|d u
|0 (DE-588)4001515-4
|0 (DE-627)104603666
|0 (DE-576)208843116
|a Bibel
|2 gnd
|p Altes Testament
|
| 689 |
0 |
1 |
|d s
|0 (DE-588)4114087-4
|0 (DE-627)104603151
|0 (DE-576)20948182X
|2 gnd
|a Judentum
|
| 689 |
0 |
|
|5 (DE-627)
|
| 700 |
1 |
|
|6 880-01
|e HerausgeberIn
|0 (DE-627)1237143136
|0 (DE-576)167143131
|4 edt
|a Bâzîlā, Refāʾel Ḥayyîm
|
| 700 |
1 |
|
|6 880-02
|e VerfasserIn
|0 (DE-588)104268956
|0 (DE-627)076998827
|0 (DE-576)289015375
|4 aut
|a Nortsi, Yedidyah Shelomoh Refaʾel ben Avraham
|d 1560-1616
|
| 700 |
1 |
|
|6 880-03
|e DruckerIn
|0 (DE-588)1376164353
|0 (DE-627)1935616978
|4 prt
|a Itaglia, Raphael Isaac Ḥayyim d'
|
| 751 |
|
|
|a Mantua
|0 (DE-588)4114978-6
|0 (DE-627)105817937
|0 (DE-576)209489316
|4 pup
|
| 880 |
1 |
0 |
|6 245-01/Hebr/r
|a ספר ארבעה ועשרים
|b = מנחת שי
|c ידידיה שלמה מנורצי ; הוציא לאור […] רפאל חיים באזילה
|
| 880 |
3 |
1 |
|6 246-01/Hebr/r
|a מנחת שי
|
| 880 |
|
1 |
|6 264-01/Hebr/r
|a מנטובה
|b רפאל חיים מאיטליא
|c 1742-1744
|
| 880 |
1 |
|
|6 700-01/Hebr/r
|e HerausgeberIn
|0 (DE-627)1237143136
|0 (DE-576)167143131
|4 edt
|
| 880 |
1 |
|
|6 700-02/Hebr/r
|a נורצי, ידידיה שלמה רפאל
|d 1560-1616
|e VerfasserIn
|0 (DE-588)104268956
|0 (DE-627)076998827
|0 (DE-576)289015375
|4 aut
|
| 880 |
1 |
|
|6 700-03/Hebr/r
|a מאיטליא, רפאל חיים
|e DruckerIn
|0 (DE-588)1376164353
|0 (DE-627)1935616978
|4 prt
|
| 935 |
|
|
|a mteo
|
| 935 |
|
|
|i SLoT
|
| 951 |
|
|
|a MC
|
| ELC |
|
|
|b 1
|
| ITA |
|
|
|a 1
|t 1
|
| LOK |
|
|
|0 000 xxxxxcx a22 zn 4500
|
| LOK |
|
|
|0 001 2153972337
|
| LOK |
|
|
|0 003 DE-627
|
| LOK |
|
|
|0 004 1092201297
|
| LOK |
|
|
|0 005 20200721170916
|
| LOK |
|
|
|0 008 901108||||||||||||||||ger|||||||
|
| LOK |
|
|
|0 040
|a DE-21
|c DE-627
|d DE-21
|
| LOK |
|
|
|0 852
|a DE-21
|
| LOK |
|
|
|0 852 1
|9 00
|
| LOK |
|
|
|0 935
|a aber
|a theo
|
| LOK |
|
|
|0 939
|a 08-11-90
|b l01
|
| ORI |
|
|
|a SA-MARC-ixtheoa001.raw
|
| SPR |
|
|
|a 1
|t IXT
|
| STA |
0 |
0 |
|a Judaism,Judaism,Judaism in literature
|
| STB |
0 |
0 |
|a Judaïsme,Judaïsme
|
| STC |
0 |
0 |
|a Judaísmo,Judaísmo
|
| STD |
0 |
0 |
|a Ebraismo,Ebraismo
|
| STE |
0 |
0 |
|a 犹太教,犹太教
|
| STF |
0 |
0 |
|a 猶太教,猶太教
|
| STG |
0 |
0 |
|a Judaísmo,Judaísmo
|
| STH |
0 |
0 |
|a Иудаизм (мотив),Иудаизм
|
| STI |
0 |
0 |
|a Ιουδαϊσμός (μοτίβο),Ιουδαϊσμός
|
| SYG |
0 |
0 |
|a Hebrew Bible, critical edition,HBCE,Oxford Hebrew Bible,Biblia Hebraica quinta,BHQ,Biblia Hebraica,Masoretentext,Massoretentext,Masoretischer Text,Biblia Hebraica,Hebräische Bibel,Septuaginta,Septuagint,Altes Testament,Tenach,Testamentum vetus,Vetus testamentum,Erstes Testament,L'Ancien Testament,The Old Testament,Jüdische Bibel,Tanach,Tanakh,Tenakh,Miqra,al-ʿAhd al-ʿatīq,Torah neviʾim ketuvim,Torah neviʾim u-ketuvim,Sefer Torah neviʾim ketuvim,Tôrā nĕvîʾîm û-ḵtûvîm,Die Israelitische Bibel,The Hebrew Bible,Kyûyaku Seisho,Tèstamènt bieu,Antiguo Testamento,Nnom Elat,Bible,O.T.,Bible,Old Testament,תנ"ך,תנך , Judaism,Judaismus,Jüdische Religion,Zionism,Zionismus,Jüdische Religion,Judaismus,Jüdische Religion,Judaismus
|